Více méně československá auta v oživení.

Vývoj automobilového priemyslu v českej a Slovenskej republike v posledných 5 rokoch. Vývoj vnútorného trhu automobilov. Vývoz na zahraničné trhy. Výrobcovia osobných a nákladných automobilov. Spolupráca so zahraničným kapitálom.

Gespeichert in:
Bibliographische Detailangaben
1. Verfasser: Ziková, L.
Weitere Verfasser: Ferenc, J.
Format: Buchkapitel
Sprache:Tschechisch
Schlagworte:
Tags: Tag hinzufügen
Keine Tags, Fügen Sie das erste Tag hinzu!

MARC

LEADER 00000naa a2200000 4500
001 r013770
005 20221205080506.6
041 0 |a cze 
044 |a CZ 
245 1 0 |a Více méně československá auta v oživení.  |c L. Ziková, J. Ferenc 
520 |a Vývoj automobilového priemyslu v českej a Slovenskej republike v posledných 5 rokoch. Vývoj vnútorného trhu automobilov. Vývoz na zahraničné trhy. Výrobcovia osobných a nákladných automobilov. Spolupráca so zahraničným kapitálom. 
610 2 0 |a priemysel automobilový 
610 2 0 |a Čechy 
610 2 0 |a Slovensko 
610 2 0 |a trh vnútorný 
610 2 0 |a vývoz 
610 2 0 |a kapitál zahraničný 
100 1 |a Ziková, L. 
700 1 |a Ferenc, J.